<?xml version="1.0" encoding="UTF-8"?><?xml-stylesheet type="text/xsl" href="static/style.xsl"?><OAI-PMH xmlns="http://www.openarchives.org/OAI/2.0/" xmlns:xsi="http://www.w3.org/2001/XMLSchema-instance" xsi:schemaLocation="http://www.openarchives.org/OAI/2.0/ http://www.openarchives.org/OAI/2.0/OAI-PMH.xsd"><responseDate>2026-06-02T05:19:05Z</responseDate><request verb="GetRecord" identifier="oai:riuma.uma.es:10630/17155" metadataPrefix="marc">https://riuma.uma.es/rest/oai/request</request><GetRecord><record><header><identifier>oai:riuma.uma.es:10630/17155</identifier><datestamp>2026-02-03T11:46:05Z</datestamp><setSpec>com_10630_2254</setSpec><setSpec>col_10630_37959</setSpec></header><metadata><record xmlns="http://www.loc.gov/MARC21/slim" xmlns:dcterms="http://purl.org/dc/terms/" xmlns:doc="http://www.lyncode.com/xoai" xmlns:xsi="http://www.w3.org/2001/XMLSchema-instance" xsi:schemaLocation="http://www.loc.gov/MARC21/slim http://www.loc.gov/standards/marcxml/schema/MARC21slim.xsd">
   <leader>00925njm 22002777a 4500</leader>
   <datafield ind2=" " ind1=" " tag="042">
      <subfield code="a">dc</subfield>
   </datafield>
   <datafield ind2=" " ind1=" " tag="720">
      <subfield code="a">Marcos-Cobaleda, María</subfield>
      <subfield code="e">author</subfield>
   </datafield>
   <datafield ind2=" " ind1=" " tag="720">
      <subfield code="a">Calderón-Roca, María Belén</subfield>
      <subfield code="e">author</subfield>
   </datafield>
   <datafield ind2=" " ind1=" " tag="260">
      <subfield code="c">2019-01-16</subfield>
   </datafield>
   <datafield ind2=" " ind1=" " tag="520">
      <subfield code="a">El propósito de este trabajo es presentar la metodología empleada en la asignatura Didáctica de las Ciencias Sociales para la Educación Infantil para trabajar la enseñanza del patrimonio cultural andaluz con los alumnos y alumnas de tercer curso del Grado de Educación Infantil de la Universidad de Málaga durante el curso académico 2017-2018. Para alcanzar este objetivo, hemos utilizado la metodología de los trabajos-proyecto, que nuestro alumnado ha desarrollado durante todo el periodo lectivo. Estos trabajos-proyecto consistían en la elección de un tema relacionado con el patrimonio cultural andaluz sobre el que trabajar, la preparación de una Unidad Didáctica con las actividades correspondientes para ser trabajadas con niños y niñas de Educación Infantil, así como en la elaboración de un póster con los aspectos principales de la Unidad Didáctica y sus actividades, para presentarlo oralmente al final de curso.</subfield>
   </datafield>
   <datafield ind1="8" ind2=" " tag="024">
      <subfield code="a">https://hdl.handle.net/10630/17155</subfield>
   </datafield>
   <datafield tag="653" ind2=" " ind1=" ">
      <subfield code="a">Comunicación en educación</subfield>
   </datafield>
   <datafield ind2="0" ind1="0" tag="245">
      <subfield code="a">Los trabajos-proyecto en Educación Infantil: propuesta metodológica para la enseñanza del Patrimonio cultual andaluz</subfield>
   </datafield>
</record>
</metadata></record></GetRecord></OAI-PMH>